Tvorba bezpečného produktu cestovného ruchu vo vybraných službách v súlade so zmenami spotrebiteľského správania sa účastníkov cestovného ruchu diplomová práca

Gespeichert in:
Bibliographische Detailangaben
1. Verfasser: Darovcová, Katarína
Körperschaft: Obchodná fakulta EU. Katedra služieb a cestovného ruchu - zrušené
Weitere Verfasser: Gáll, Jozef, 1991-
Format: Buch
Sprache:Slowakisch
Veröffentlicht: Bratislava 2022
Tags: Tag hinzufügen
Keine Tags, Fügen Sie das erste Tag hinzu!

MARC

LEADER 00000nbm a2200000 4500
001 0284218
005 20230119111642.5
041 0 |a slo 
044 |a SK 
245 1 0 |a Tvorba bezpečného produktu cestovného ruchu vo vybraných službách v súlade so zmenami spotrebiteľského správania sa účastníkov cestovného ruchu  |b diplomová práca  |c Katarína Darovcová ; školiteľ: Jozef Gáll 
264 1 |a Bratislava  |c 2022 
300 |a 62 s. 
100 1 |a Darovcová, Katarína 
700 1 |a Gáll, Jozef, 1991- 
710 2 |a Obchodná fakulta EU. Katedra služieb a cestovného ruchu - zrušené